[Event "Mecklenburg VP-ch U25"]
[Site "Malchow"]
[Date "2019.02.05"]
[Round "5.4"]
[White "Quiram, Arne"]
[Black "Kimura, Jonas Minoru"]
[Result "0-1"]
[WhiteElo "1329"]
[BlackElo "1411"]
[PlyCount "76"]
[EventDate "2019.02.02"]
[EventType "swiss"]
[EventRounds "7"]
[EventCountry "GER"]
[SourceTitle "EXT 2022"]
[Source "ChessBase"]
[SourceDate "2021.10.06"]
[SourceVersion "1"]
[SourceVersionDate "2021.10.06"]
[SourceQuality "1"]

1. e4 e6 2. d4 d5 3. exd5 exd5 4. Nf3 Bd6 5. Nc3 Nf6 6. Bg5 c6 7. Qd2 Bf5 8. 0-0-0 0-0 9. Bd3 Bxd3 10. Qxd3 Nbd7 11. Rde1 Qc7 12. h4 b5 13. h5 Bf4+ 14. Bxf4 Qxf4+ 15. Qe3 Qxe3+ 16. Rxe3 Rfe8 17. Rhe1 Rxe3 18. Rxe3 Kf8 19. Ne5 Nxe5 20. Rxe5 Re8 21. Kd2 Rxe5 22. dxe5 Nxh5 23. Ke3 f6 24. g4 fxe5 25. gxh5 d4+ 26. Ke4 dxc3 27. bxc3 Kf7 28. Kxe5 Ke7 29. a3 a5 30. f4 a4 31. Kd4 Kd6 32. f5 c5+ 33. Ke4 b4 34. h6 gxh6 35. f6 Ke6 36. cxb4 cxb4 37. Kd4 bxa3 38. Kc3 Kxf6 0-1

[Event "Mecklenburg VP-ch U25"]
[Site "Malchow"]
[Date "2019.02.02"]
[Round "1.7"]
[White "Quiram, Arne"]
[Black "Ryll, Emily Maria"]
[Result "1-0"]
[WhiteElo "1329"]
[BlackElo "806"]
[PlyCount "61"]
[EventDate "2019.02.02"]
[EventType "swiss"]
[EventRounds "7"]
[EventCountry "GER"]
[SourceTitle "EXT 2022"]
[Source "ChessBase"]
[SourceDate "2021.10.06"]
[SourceVersion "1"]
[SourceVersionDate "2021.10.06"]
[SourceQuality "1"]

1. c4 e5 2. Nc3 Nc6 3. g3 Nf6 4. Bg2 Bc5 5. e3 d6 6. Nge2 Bg4 7. h3 Bh5 8. g4 Bg6 9. d4 exd4 10. exd4 Bb4 11. f4 Ne7 12. 0-0 Qd7 13. a3 Ba5 14. b4 Bb6 15. c5 dxc5 16. dxc5 Qe6 17. Nd4 Qc8 18. cxb6 axb6 19. f5 Bxf5 20. Nxf5 Nxf5 21. Rxf5 0-0 22. Qf3 g6 23. Rxf6 Qd8 24. Bh6 Re8 25. Rd1 Qe7 26. Rf1 Rad8 27. Rxf7 Qd6 28. Nb5 Qe5 29. Rf8+ Rxf8 30. Qxf8+ Rxf8 31. Rxf8# 1-0

[Event "Mecklenburg VP-ch U14"]
[Site "Malchow"]
[Date "2018.02.07"]
[Round "7.7"]
[White "Peilert, Janno"]
[Black "Quiram, Arne"]
[Result "1/2-1/2"]
[WhiteElo "963"]
[BlackElo "1145"]
[PlyCount "76"]
[EventDate "2018.02.07"]
[EventType "swiss"]
[EventRounds "7"]
[EventCountry "GER"]
[SourceTitle "EXT 2022"]
[Source "ChessBase"]
[SourceDate "2021.10.06"]
[SourceVersion "1"]
[SourceVersionDate "2021.10.06"]
[SourceQuality "1"]

1. d4 Nf6 2. c4 g6 3. Nc3 Bg7 4. Nf3 d6 5. Bg5 0-0 6. Qd2 Bf5 7. Bh6 Nc6 8. Bxg7 Kxg7 9. d5 Nb4 10. Nd4 Qd7 11. a3 Na6 12. e3 e5 13. dxe6 fxe6 14. Bd3 Bxd3 15. Qxd3 Nc5 16. Qc2 e5 17. Nf3 Qg4 18. 0-0 Qxc4 19. Rad1 Nfe4 20. Nd2 Nxd2 21. Rxd2 Qf7 22. Ne4 Nxe4 23. Qxe4 Rab8 24. Qa4 a6 25. Rc2 Rfd8 26. Qa5 c6 27. e4 Rbc8 28. Rd1 Qc7 29. Qb4 a5 30. Qb3 b5 31. h3 Qf7 32. Qc3 a4 33. Qa5 Qd7 34. Rcd2 Qe6 35. Qa7+ Kh8 36. Qb7 Kg8 37. Rxd6 Rxd6 38. Rxd6 Qe8 1/2-1/2

[Event "Mecklenburg VP-ch U14"]
[Site "Malchow"]
[Date "2018.02.07"]
[Round "6.8"]
[White "Quiram, Arne"]
[Black "Le, Tomab Linh"]
[Result "1-0"]
[WhiteElo "1145"]
[BlackElo "1198"]
[PlyCount "109"]
[EventDate "2018.02.07"]
[EventType "swiss"]
[EventRounds "7"]
[EventCountry "GER"]
[SourceTitle "EXT 2022"]
[Source "ChessBase"]
[SourceDate "2021.10.06"]
[SourceVersion "1"]
[SourceVersionDate "2021.10.06"]
[SourceQuality "1"]

1. e4 d6 2. d4 Nf6 3. Nc3 g6 4. f4 Bg7 5. Nf3 0-0 6. Bd3 c5 7. dxc5 dxc5 8. 0-0 Bd7 9. Be3 b6 10. Qd2 Ng4 11. Rfe1 Nxe3 12. Rxe3 Bd4 13. Rd1 Bxe3+ 14. Qxe3 Nc6 15. Bb5 Nd4 16. Nxd4 cxd4 17. Rxd4 a6 18. Bxd7 Qb8 19. Bg4 e5 20. fxe5 Qxe5 21. Rd5 Qe7 22. a3 b5 23. Qc5 Qh4 24. Be2 Rac8 25. Qb6 Qe1+ 26. Bf1 Rfe8 27. Rd1 Qh4 28. Qf2 Qh6 29. Rd7 Qg7 30. Qa7 Ra8 31. Qd4 Qh6 32. Qf6 Rf8 33. Nd5 Rae8 34. Qd4 Re6 35. Ne7+ Rxe7 36. Rxe7 Qc1 37. Qc3 Rd8 38. Qf3 Rf8 39. Qb3 Kg7 40. Ra7 Qe1 41. Qc3+ Qxc3 42. bxc3 Rc8 43. Rxa6 Rxc3 44. Bd3 Rc8 45. Kf2 Kh6 46. Rf6 Rc7 47. Rb6 Rc3 48. Ra6 Kg5 49. Kf3 h5 50. h4+ Kxh4 51. Rf6 Rxa3 52. Rxf7 g5 53. Rh7 b4 54. g3+ Kh3 55. Rxh5# 1-0

[Event "Mecklenburg VP-ch Youth"]
[Site "Malchow"]
[Date "2017.02.16"]
[Round "7.6"]
[White "Pfennigschmidt, Lennart Ivo"]
[Black "Quiram, Arne"]
[Result "0-1"]
[WhiteElo "1144"]
[BlackElo "1177"]
[PlyCount "52"]
[EventDate "2017.02.08"]
[EventType "swiss"]
[EventRounds "7"]
[EventCountry "GER"]
[SourceTitle "EXT 2022"]
[Source "ChessBase"]
[SourceDate "2021.10.06"]
[SourceVersion "1"]
[SourceVersionDate "2021.10.06"]
[SourceQuality "1"]

1. e4 e5 2. Nf3 Nc6 3. Bc4 Bc5 4. c3 Nf6 5. d4 exd4 6. Nxd4 Nxe4 7. Bxf7+ Kxf7 8. Qf3+ Nf6 9. Bg5 Qe7+ 10. Ne2 Re8 11. Bxf6 gxf6 12. b4 Bb6 13. a4 a5 14. Qd3 Kg8 15. Qc4+ Qe6 16. Qxe6+ Rxe6 17. b5 Ne5 18. f4 Ng4 19. Kd2 d5 20. h3 Ne3 21. g4 Nc4+ 22. Kd1 Bd7 23. Re1 Rae8 24. Ra2 Re3 25. h4 Bxg4 26. Rc2 R3e4 0-1

[Event "Mecklenburg VP-ch Youth"]
[Site "Malchow"]
[Date "2017.02.16"]
[Round "3.7"]
[White "Quiram, Arne"]
[Black "Rosenhahn, Nico"]
[Result "1-0"]
[WhiteElo "1177"]
[BlackElo "1105"]
[PlyCount "81"]
[EventDate "2017.02.08"]
[EventType "swiss"]
[EventRounds "7"]
[EventCountry "GER"]
[SourceTitle "EXT 2022"]
[Source "ChessBase"]
[SourceDate "2021.10.06"]
[SourceVersion "1"]
[SourceVersionDate "2021.10.06"]
[SourceQuality "1"]

1. e4 e6 2. d4 d5 3. Nc3 dxe4 4. Nxe4 Bd7 5. Nf3 Bc6 6. Qd3 Bxe4 7. Qxe4 c6 8. Bg5 Qc7 9. Bf4 Bd6 10. Bxd6 Qxd6 11. Qg4 g6 12. 0-0-0 Nf6 13. Qh4 Nbd7 14. Ne5 0-0 15. f4 b5 16. Be2 a5 17. Bf3 Nd5 18. c4 bxc4 19. Nxc4 Qb4 20. Ne5 Rab8 21. Nd3 Qxd4 22. Bxd5 cxd5 23. Qf2 Rfc8+ 24. Kb1 Rxb2+ 25. Qxb2 Rb8 26. Nb4 Qe4+ 27. Ka1 Rxb4 28. Qd2 Nc5 29. Rb1 Nd3 30. Rxb4 axb4 31. Rf1 Qd4+ 32. Kb1 Qc4 33. Qc2 Qb5 34. g4 Ne5 35. Rg1 Nf3 36. Rg3 Nd4 37. Qd2 Ne2 38. Rb3 d4 39. Qxb4 Qc6 40. Qb8+ Kg7 41. Qe5+ 1-0

[Event "Mecklenburg VP-ch U12"]
[Site "Malchow"]
[Date "2015.02.04"]
[Round "7.3"]
[White "Gazizov, Max"]
[Black "Quiram, Arne"]
[Result "1-0"]
[WhiteElo "1100"]
[BlackElo "918"]
[PlyCount "39"]
[EventDate "2015.01.31"]
[EventType "swiss"]
[EventRounds "7"]
[EventCountry "GER"]
[SourceTitle "EXT 2022"]
[Source "ChessBase"]
[SourceDate "2021.10.06"]
[SourceVersion "1"]
[SourceVersionDate "2021.10.06"]
[SourceQuality "1"]

1. d4 d5 2. e3 Nf6 3. Bd3 Nc6 4. c4 e6 5. Nc3 b6 6. Nf3 Bd6 7. 0-0 0-0 8. a3 Bb7 9. b4 Qd7 10. Bb2 a5 11. cxd5 Nxd5 12. Nxd5 exd5 13. b5 Na7 14. a4 c6 15. Qb3 c5 16. dxc5 bxc5 17. Qc3 f6 18. Qxa5 c4 19. Bc2 Nc6 20. bxc6 1-0

[Event "Mecklenburg VP-ch U12"]
[Site "Malchow"]
[Date "2015.02.01"]
[Round "3.4"]
[White "Quiram, Arne"]
[Black "Fromm, Marius"]
[Result "0-1"]
[WhiteElo "918"]
[BlackElo "1081"]
[PlyCount "56"]
[EventDate "2015.01.31"]
[EventType "swiss"]
[EventRounds "7"]
[EventCountry "GER"]
[SourceTitle "EXT 2022"]
[Source "ChessBase"]
[SourceDate "2021.10.06"]
[SourceVersion "1"]
[SourceVersionDate "2021.10.06"]
[SourceQuality "1"]

1. e4 e5 2. Nc3 Nf6 3. f4 exf4 4. Nf3 Bc5 5. d4 Bb4 6. Bd3 0-0 7. 0-0 Bxc3 8. bxc3 Re8 9. Re1 Nc6 10. e5 Nd5 11. Be4 Nxc3 12. Bxh7+ Kxh7 13. Qd3+ Kg8 14. Qxc3 d6 15. Bxf4 dxe5 16. dxe5 Be6 17. Rad1 Qe7 18. Nd4 Qb4 19. Qxb4 Nxb4 20. Rb1 c5 21. Nxe6 Rxe6 22. a4 b6 23. Rb2 Rd8 24. Kf2 Rd3 25. Kf1 Ra3 26. Re4 Rxa4 27. c3 Ra1+ 28. Re1 Rxe1+ 0-1